Cargando...
ديوان عمرو بن كلثوم
| Autor Principal: | |
|---|---|
| Formato: | Printed Book |
| Idioma: | English |
| Publicado: |
2008
|
| Series: | موسوعة مملكة الشعراء
|
| LEADER | 00516nam a22001457a 4500 | ||
|---|---|---|---|
| 008 | 210211b ||||| |||| 00| 0 eng d | ||
| 020 | |a 9789953304786 | ||
| 082 | |a 811.1 NZ | ||
| 100 | |9 1580209 |a محمد عبد الرحيم | ||
| 245 | |a ديوان عمرو بن كلثوم | ||
| 260 | |c 2008 | ||
| 490 | |a موسوعة مملكة الشعراء | ||
| 942 | |c BK | ||
| 999 | |c 355029 |d 355029 | ||
| 952 | |0 0 |1 0 |2 ddc |4 0 |6 811_100000000000000_NZ |7 0 |9 411927 |a ARA |b ARA |c ST1 |d 2021-02-11 |i 12846 |l 0 |o 811.1 NZ |p ARA12846 |r 2021-02-11 |w 2021-02-11 |y BK | ||